01541nam a2200349 a 4500001001200000003000800012006001900020007001500039008004100054020003200095040002100127035002100148050002700169082001800196245012400214260004100338300002400379500012600403504005100529533015200580650004000732650004200772650002500814655002900839700002900868700002100897700001500918710001700933711009600950856012601046999001901172ebr10053284CaPaEBRm u cr cn|||||||||020710s2002 nyua sb 101 0 eng d z0306469200 (electronic bk.) aCaPaEBRcCaPaEBR a(OCoLC)55913636614aTJ254.5b.I48 2002ebeb04a621.402/322100aImpact of mineral impurities in solid fuel combustionh[electronic resource] /cedited by R. Gupta, T. Wall, L. Baxter. aNew York :bKluwer Academic,cc2002. axii, 768 p. :bill. aProceedings of an Engineering Foundation Conference on Mineral Matter in Fuels, held November 2-7, 1997, in Kona, Hawaii. aIncludes bibliographical references and index. aElectronic reproduction.bPalo Alto, Calif. :cebrary,d2013.nAvailable via World Wide Web.nAccess may be limited to ebrary affiliated libraries. 0aCombustion engineeringvCongresses. 0aCoalxMineral inclusionsvCongresses. 0aFly ashvCongresses. 7aElectronic books.2local1 aGupta, R.q(Raj),d1951-1 aWall, T.,d1943-1 aBaxter, L.2 aebrary, Inc.2 aEngineering Foundation Conference on Mineral Matter in Fuelsd(1997 :cKailua Kona, Hawaii)40uhttp://site.ebrary.com/lib/rucke/Doc?id=10053284zAn electronic book accessible through the World Wide Web; click to view c169972d169972